01055 a2200253 4500003000500000005001700005010001600022020002400038020002200062040000900084082001500093100003700108245011900145260005300264300003400317505018800351650002400539650002900563700002700592700002700619942001200646999001900658952012400677Nust20230116141239.0 a 83004604 a0136414494 (pbk.) : a0136414567 (hard) cNust00a650.14,FOR2 aForisha-Kovach, Barbara.910689110aOrganizational sync :bmaking your job work for you /cBarbara Forisha-Kovach, with Randy Kovach and Glenn Morris. aEnglewood Cliffs, N.J. :bPrentice-Hall,cc1983. axii, 208 p. :bill. ;c23 cm. aIndividual Orientations and Organizational Structures (Page-10), Individual Orientations and Organizational Structure (Page-87), Increasing Organizational Synchrony (Page-149).  0aOrganization.94210 0aOrganizational behavior.1 aKovach, Randy.91068921 aMorris, Glenn.9106893 2ddccBK c187107d187107 00102ddc4070aMCSbMCScGENd2016-12-12o650.14,FORpMCS21203r2016-12-08w2016-12-12yBKzAlmirah No.42, Shelf No.3